Places To Study
There are group study rooms, individual study carrels, computer labs, and other spaces to study in the Libraries.
Reserve A Group Room| 000 -LEADER | |
|---|---|
| fixed length control field | 01020nam a22001817a 4500 |
| 003 - CONTROL NUMBER IDENTIFIER | |
| control field | OSt |
| 005 - DATE AND TIME OF LATEST TRANSACTION | |
| control field | 20251124160522.0 |
| 008 - FIXED-LENGTH DATA ELEMENTS--GENERAL INFORMATION | |
| fixed length control field | 251120b |||||||| |||| 00| 0 eng d |
| 040 ## - CATALOGING SOURCE | |
| Transcribing agency | DCL |
| 082 ## - DEWEY DECIMAL CLASSIFICATION NUMBER | |
| Classification number | ၂၉၄.၃၈၂၃၂၁ |
| 130 ## - MAIN ENTRY--UNIFORM TITLE | |
| Uniform title | တိပိဋက။ |
| Name of part/section of a work | သုတ္တန္တပိဋက။ |
| -- | မဇ္ဈိမနိကာယ။ |
| Title of a work | မူလပဏ္ဏာသ၊ |
| Language of a work | အဋ္ဌကထာ၊ |
| Version | နိဿယ။ |
| 245 ## - TITLE STATEMENT | |
| Title | မူလပဏ္ဏာသ အဋ္ဌကထာနိဿယ၊ |
| Number of part/section of a work | ဒုတိယတွဲ / |
| Statement of responsibility, etc. | အသျှင်စာဂရမထေရ်။ |
| 264 ## - PRODUCTION, PUBLICATION, DISTRIBUTION, MANUFACTURE, AND COPYRIGHT NOTICE | |
| Place of production, publication, distribution, manufacture | ရန်ကုန် ၊ |
| Name of producer, publisher, distributor, manufacturer | နိုင်ငံတော် ဗုဒ္ဓသာသနာအဖွဲ့၊ |
| Date of production, publication, distribution, manufacture, or copyright notice | ၁၉၆၁။ |
| 300 ## - PHYSICAL DESCRIPTION | |
| Extent | ဃ၊ ၄၃၇ စာမျက်နှာ ၊ |
| Dimensions | ၂၅ စင်တီ။ |
| 650 ## - SUBJECT ADDED ENTRY--TOPICAL TERM | |
| Topical term or geographic name entry element | မူလပဏ္ဏာသ |
| Form subdivision | အဋ္ဌကထာ နိဿယ။ |
| 700 ## - ADDED ENTRY--PERSONAL NAME | |
| Personal name | စာဂရမထေရ်၊ အသျှင် |
| 942 ## - ADDED ENTRY ELEMENTS (KOHA) | |
| Source of classification or shelving scheme | Dewey Decimal Classification |
| Koha item type | Short Term |
| Suppress in OPAC | No |
| Withdrawn status | Lost status | Source of classification or shelving scheme | Damaged status | Not for loan | Collection | Accession No. | Home library | Current library | Shelving location | Date acquired | Total checkouts | Full call number | Barcode | Date last seen | Price effective from | Koha item type |
|---|---|---|---|---|---|---|---|---|---|---|---|---|---|---|---|---|
| Dewey Decimal Classification | Myanmar Pitaka Collection | ၁၃၆၄ | Dhammadhara | Dhammadhara | Myanmar Pitaka Shelves | 20/11/2025 | ၂၉၄.၃၈၂၃၂၁ မဇ္ဈိ ၁၃၆၄ | MB00001364 | 20/11/2025 | 20/11/2025 | Short Term |